000 00521nam a2200205Ia 4500
005 20250923150356.0
008 008 250917s9999 xx 000 0 eng d
037 _aTextual
040 _aDSWL
_beng
_cDSWL
041 _aeng
_2eng
084 _qDSWL
100 _aBhanti, Raj
_9845285
245 0 _aField work in social work perspective
_cby Raj Bhanti
260 _aRajasthan
_bHimanshu Pub.
_c1996
300 _a188 p.
365 _aINR
_b995
925 _g995
942 _cTEXL
999 _c1462798
_d1462798